Organización de tribunales y leyes de procedimiento (Record no. 128032)

MARC details
000 -LEADER
campo de control de longitud fija 00777nam a2200193 i 4500
001 - NÚMERO DE CONTROL
campo de control 128032
003 - IDENTIFICADOR DE NÚMERO DE CONTROL
campo de control ES-MaACL
005 - FECHA Y HORA DE LA ÚLTIMA TRANSACCIÓN
campo de control 20251001141055.0
007 - CAMPO FIJO DE DESCRIPCIÓN FÍSICA--INFORMACIÓN GENERAL
campo de control de longitud fija t|
008 - DATOS DE LONGITUD FIJA--INFORMACIÓN GENERAL
campo de control de longitud fija 070214s1932 sp r ||||1| spa d
100 1# - ENTRADA PRINCIPAL--NOMBRE DE PERSONA
Nombre de persona Rives y Martí, Francisco de P.
9 (RLIN) 97722
245 10 - MENCIÓN DEL TÍTULO
Título Organización de tribunales y leyes de procedimiento
Resto del título : (obra ajustada al programa del 2º ejercicio para las oposiciones a ingreso en el Cuerpo de Aspirantes a la Judicatura de 26 de octubre de 1931) /
Mención de responsabilidad, etc. Francisco de Paula Rives y Martí.
250 ## - MENCION DE EDICION
Mención de edición 4ª ed. corr. y aum.
Resto de la mención de edición por Faustino Menéndez Pidal.
260 ## - PUBLICACIÓN, DISTRIBUCIÓN, ETC.
Lugar de publicación, distribución, etc. Madrid :
Nombre del editor, distribuidor, etc. Reus,
Fecha de publicación, distribución, etc. 1932.
300 ## - DESCRIPCIÓN FÍSICA
Extensión 720 p. ;
Dimensiones 23 x 15 cm.
700 1# - ENTRADA AGREGADA--NOMBRE PERSONAL
Nombre de persona Menéndez Pidal, Faustino,
Fechas asociadas al nombre 1924-
9 (RLIN) 80311
852 ## - LOCALIZACIÓN
Ubicación ES-MaACL
Número de control de estantería A-1779
Holdings
Estatus retirado Estado de pérdida Estado de daño No para préstamo Biblioteca de origen Biblioteca actual Ubicación en estantería Fecha de adquisición Fuente de adquisición Total de préstamos Signatura topográfica completa Código de barras Visto por última vez Precio de reemplazo Tipo de ítem Koha
        Biblioteca del Ateneo de Madrid Biblioteca del Ateneo de Madrid Sala Pecera Planta 1 17/01/2008     A-1779 1133347 23/02/2023 23/02/2023 Libro impreso